[Event "ESP-ch U18"]
[Site "Salobrena"]
[Date "2020.08.21"]
[Round "8"]
[White "Calvo Gonzalez, Jose Felix"]
[Black "Amador Andujar, Alfredo"]
[Result "1-0"]
[WhiteElo "1762"]
[BlackElo "1834"]
[PlyCount "63"]
[EventDate "2020.08.17"]
[EventType "swiss"]
[EventRounds "9"]
[EventCountry "ESP"]
[SourceTitle "CBM 197 Extra"]
[Source "ChessBase"]
[SourceDate "2020.09.30"]
[SourceVersion "1"]
[SourceVersionDate "2020.09.30"]
[SourceQuality "1"]

1. d4 g6 2. e4 Bg7 3. Nc3 d6 4. Be3 Nd7 5. Bc4 Ngf6 6. Nf3 e5 7. dxe5 dxe5 8. Qe2 0-0 9. 0-0-0 Qe7 10. Bg5 c6 11. h4 b5 12. Bb3 a5 13. a4 b4 14. Nb1 Ba6 15. Qe3 c5 16. Bd5 Rac8 17. h5 Nb6 18. hxg6 hxg6 19. Rh4 Nfxd5 20. exd5 f6 21. d6 Qe6 22. Bh6 Rf7 23. Rdh1 Qxd6 24. Nbd2 Bb7 25. Bxg7 Rxg7 26. Ne4 Bxe4 27. Qxe4 Rcc7 28. Rh8+ Kf7 29. Rd1 Qc6 30. Qg4 Qe6 31. Rf8+ Kxf8 32. Qxe6 1-0

[Event "ESP-ch U14"]
[Site "Granada"]
[Date "2016.07.11"]
[Round "1"]
[White "Amador Andujar, Alfredo"]
[Black "Henderson de la Fuente, Lance"]
[Result "0-1"]
[WhiteElo "1544"]
[BlackElo "2258"]
[PlyCount "52"]
[EventDate "2016.07.11"]
[EventType "swiss"]
[EventRounds "9"]
[EventCountry "ESP"]
[SourceTitle "EXT 2024"]
[Source "ChessBase"]
[SourceDate "2023.10.10"]
[SourceVersion "1"]
[SourceVersionDate "2023.10.10"]
[SourceQuality "1"]

1. e4 c5 2. c3 Nf6 3. e5 Nd5 4. d4 cxd4 5. cxd4 Nc6 6. Bc4 Nb6 7. Bb3 d5 8. Nf3 Bg4 9. Be3 e6 10. 0-0 Be7 11. Nbd2 Rc8 12. a3 Bh5 13. Rc1 0-0 14. Ba2 Qd7 15. b4 a5 16. b5 Na7 17. Rxc8 Rxc8 18. a4 Bg6 19. Bb3 Rc7 20. Qa1 Qc8 21. Qa2 Bb4 22. Nb1 Nc4 23. Rc1 Nxe3 24. Rxc7 Qxc7 25. fxe3 Qc1+ 26. Kf2 Bxb1 0-1

[Event "Madrid San Viator op-B 26th"]
[Site "Madrid"]
[Date "2016.04.17"]
[Round "3"]
[White "Sanchez Ortega, Ivan"]
[Black "Amador Andujar, Alfredo"]
[Result "1-0"]
[WhiteElo "1668"]
[BlackElo "1471"]
[PlyCount "57"]
[EventDate "2016.04.03"]
[EventType "swiss"]
[EventRounds "9"]
[EventCountry "ESP"]
[SourceTitle "EXT 2017"]
[Source "ChessBase"]
[SourceDate "2016.10.25"]
[SourceVersion "1"]
[SourceVersionDate "2016.10.25"]
[SourceQuality "1"]

1. d4 Nf6 2. Nf3 e6 3. Bg5 Be7 4. e3 b6 5. Be2 Bb7 6. c4 d6 7. Nc3 c6 8. Rc1 Nbd7 9. 0-0 0-0 10. a3 d5 11. Qb3 h6 12. Bh4 c5 13. cxd5 cxd4 14. Nxd4 Nxd5 15. Bg3 Nc5 16. Qc2 Nxc3 17. Qxc3 Ne4 18. Qc7 Nxg3 19. hxg3 Rb8 20. Rfd1 Bc5 21. Nxe6 Qxc7 22. Nxc7 Rbc8 23. Nd5 Rfe8 24. Bf3 Bxd5 25. Rxd5 Red8 26. Rcd1 Rxd5 27. Bxd5 Rd8 28. Bxf7+ Kxf7 29. Rxd8 1-0